[Event "Gideon Japhet ACP Open 2018"]
[Site "Jerusalem"]
[Date "2018.07.04"]
[Round "5"]
[White "Melia, Salome"]
[Black "Lahav, Michal"]
[Result "1-0"]
[WhiteElo "2392"]
[BlackElo "2223"]
[Annotator "TA"]
[PlyCount "90"]
[EventDate "2018.07.01"]
[EventType "swiss"]
[EventCountry "ISR"]
[SourceTitle "playchess.com"]
[Source "ChessBase"]
[SourceQuality "1"]

{[%evp 19,90,27,49,35,43,22,34,23,26,21,24,16,27,24,31,20,27,16,18,18,39,16,22,17,27,31,29,26,22,22,44,35,40,29,50,31,40,27,55,42,48,51,74,54,66,46,85,81,95,85,95,95,95,95,104,0,95,0,83,61,47,62,57,48,112,112,112,112,112,112,113,113,113]} 1. e4 e6 2. d4 d5 3. Nd2 Be7 4. Ngf3 Nf6 5. e5 Nfd7 6. Bd3 c5 7. c3 Nc6 {[%cal Bb8c6,Bc6b4,Bb4c2][%mdl 32]} 8. O-O a5 9. a4 {C06: French Tarrasch: 3...Nf6 4 e5 Nfd7 5 Bd3 main lines} (9. Re1 cxd4 10. cxd4 Qb6 11. a4 Nxd4 12. Nxd4 Qxd4 13. Nf3 Qb6 14. Be3 Nc5 15. Bb5+ Bd7 16. Nd4 Bxb5 17. Nxb5 O-O 18. Qg4 Rfc8 {0-1 (33) Naroditsky,D (2631)-So,W (2779) ICC INT 2015}) 9... cxd4 10. cxd4 Nb6 {LiveBook: 4 Games} 11. Nb1 {White is slightly better.} Nb4 12. Be2 Bd7 13. Nc3 Rc8 14. Nb5 $146 ({Predecessor:} 14. Bd2 Nc4 15. b3 Nxd2 16. Qxd2 O-O {1-0 (66) Semprun Martinez,F (2193)-Rodrigo Yanguas,M (2076) Collado Villalba 2017}) 14... Nc2 15. Ra2 Nb4 16. Ra3 Nc4 {[#] aiming for ...Bxb5.} 17. Ra1 $1 O-O 18. b3 Nb6 19. Bd2 Be8 20. Rc1 Rc6 21. Na7 Rc7 22. Rxc7 Qxc7 23. Qc1 Qb8 24. Nb5 Bc6 25. h4 {[%cal Bh2h4,Bh4h5][%mdl 32]} Rc8 {[#] Strongly threatening ...Bxb5.} 26. Qb1 Nd7 27. h5 h6 28. Rc1 Nf8 29. Nh2 Nh7 30. f4 Bd7 31. Nf3 Rc6 32. Nc3 Rc8 33. g4 Nf8 34. Kh1 Rc7 35. g5 hxg5 36. fxg5 Qc8 37. Nh2 (37. Kg2 $16) 37... Kh8 (37... Nh7 $1 $11) 38. Nf3 Kg8 $1 39. Nb5 (39. Kg2 {with more complications.} b6 40. Nb5 Bxb5 41. Bxb5 Nc2 42. Bd3) 39... Rxc1+ 40. Qxc1 Qxc1+ 41. Bxc1 Nc2 ({Better is} 41... Na2 $14 42. Bd2 Bb4) 42. Nd6 $16 {White is better.} b6 43. Bf4 Bc6 44. Kg1 Bd7 45. Kf2 Bc6 {Precision: White = 58%, Black = 27%.} 1-0

[Event "Gideon Japhet ACP Open 2018"]
[Site "Jerusalem"]
[Date "2018.07.04"]
[Round "5"]
[White "Zilberman, Yaacov"]
[Black "Shohat, Yotam"]
[Result "1-0"]
[WhiteElo "2374"]
[BlackElo "2189"]
[Annotator "NA"]
[PlyCount "75"]
[EventDate "2018.07.01"]
[EventType "swiss"]
[EventCountry "ISR"]
[SourceTitle "playchess.com"]
[Source "ChessBase"]
[SourceQuality "1"]
[TimeControl "40/5400+30:1800+30"]

1. d4 {[%emt 0:00:00]} Nf6 {[%emt 0:00:00]} 2. c4 {[%emt 0:00:00]} g6 {[%emt 0:00:00]} 3. Nc3 {[%emt 0:00:00]} d5 {[%emt 0:00:00]} 4. Nf3 {[%emt 0:00:00]} Bg7 {[%emt 0:00:00]} 5. Bg5 {[%emt 0:00:41]} dxc4 {[%emt 0:00:08]} 6. e4 {[%emt 0:02:05]} c5 {[%emt 0:00:23]} 7. d5 {[%emt 0:00:11]} b5 {[%emt 0:00:57]} 8. Bxf6 {[%emt 0:00:31]} exf6 {[%emt 0:02:06]} 9. Nxb5 {[%emt 0:01:23]} Qb6 {[%emt 0:18:39]} 10. Bxc4 {[%emt 0:06:56]} a6 {[%emt 0:00:24]} 11. Nc3 {[%emt 0:00:22]} Qxb2 {[%emt 0:00:34]} 12. Rc1 {[%emt 0:18:43]} O-O {[%emt 0:15:52]} 13. O-O {[%emt 0:01:32]} Nd7 {[%emt 0:00:21]} 14. Re1 {[%emt 0:04:35]} Rd8 {[%emt 0:12:58]} 15. Na4 {[%emt 0:06:29]} Qb4 {[%emt 0:05:34]} 16. Bb3 {[%emt 0:03:38]} Bf8 {[%emt 0:02:10]} 17. Nd2 {[%emt 0:02:57]} Ne5 {[%emt 0:12:30]} 18. Nc4 {[%emt 0:03:52]} Nxc4 {[%emt 0:01:34]} 19. Rxc4 {[%emt 0:00:51]} Qa5 {[%emt 0:00:05]} 20. Qc1 {[%emt 0:04:19]} Bd7 {[%emt 0:00:28]} 21. Nxc5 {[%emt 0:03:32]} Bb5 {[%emt 0:01:23]} 22. Nb7 {[%emt 0:01:46]} Qb6 {[%emt 0:01:44]} 23. Nxd8 {[%emt 0:00:48]} Bxc4 {[%emt 0:00:06]} 24. Qxc4 {[%emt 0:01:15]} Rxd8 {[%emt 0:01:03]} 25. Rc1 {[%emt 0:00:37]} Bd6 {[%emt 0:03:27]} 26. g3 {[%emt 0:03:01]} h5 {[%emt 0:00:47]} 27. Kg2 {[%emt 0:03:25]} h4 {[%emt 0:00:49]} 28. Qa4 {[%emt 0:01:40]} h3+ {[%emt 0:02:37]} 29. Kf1 {[%emt 0:00:47]} Bc5 {[%emt 0:07:05]} 30. Rc2 {[%emt 0:02:05]} a5 {[%emt 0:04:03]} 31. Qc6 {[%emt 0:01:53]} Qxc6 {[%emt 0:00:16]} 32. dxc6 {[%emt 0:00:12]} Bb6 {[%emt 0:00:06]} 33. c7 {[%emt 0:02:53]} Rc8 {[%emt 0:00:14]} 34. Rc6 {[%emt 0:00:13]} Bd4 {[%emt 0:03:02]} 35. f4 {[%emt 0:01:06]} Kf8 {[%emt 0:00:55]} 36. Bc4 {[%emt 0:00:18]} Ke7 {[%emt 0:00:15]} 37. Ba6 {[%emt 0:00:06]} Kd7 {[%emt 0:00:12]} 38. Rc4 {[%emt 0:00:06]} 1-0

[Event "Gideon Japhet ACP Open 2018"]
[Site "Jerusalem"]
[Date "2018.07.04"]
[Round "5"]
[White "Kudischewitsch, David"]
[Black "Caspi, Israel"]
[Result "1/2-1/2"]
[WhiteElo "2356"]
[BlackElo "2479"]
[Annotator "TA"]
[PlyCount "132"]
[EventDate "2018.07.01"]
[EventType "swiss"]
[EventCountry "ISR"]
[SourceTitle "playchess.com"]
[Source "ChessBase"]
[SourceQuality "1"]

{[%evp 9,132,-15,-7,-16,-12,-29,-4,-6,4,-6,-19,0,0,0,0,0,0,-7,15,-6,8,-125,-128,-131,-129,-125,-133,-310,-268,-366,-368,-357,-281,-308,-118,-112,0,-285,-87,-76,-81,-68,-67,-81,-72,-109,-119,-118,-112,-119,-112,-94,-68,-77,-68,-88,-87,-91,-67,-97,-54,-137,-139,-136,-132,-130,-77,-127,-51,-62,-53,-112,-113,-122,-69,-89,0,-45,-50,-51,-37,-59,-19,-19,-19,-19,-20,-25,-24,-23,-22,-21,-20,-86,-15,-41,-15,-134,-125,-184,-131,-179,-181,-168,-141,-133,-132,-136,-123,-193,-190,-192,-192,-189,-184,-197,-193,-193,-183,-187,-153,-153,-153,-153,-156]} 1. e4 e5 2. d4 exd4 3. Qxd4 Nc6 4. Qc4 (4. Qe3 Nf6 5. Bd2 Be7 6. Nc3 d5 7. Nxd5 Nxd5 8. exd5 Qxd5 9. Ne2 O-O 10. Nf4 Qc5 11. O-O-O Bf5 12. Qxc5 Bxc5 13. Bd3 Bxd3 14. Nxd3 Bb6 15. Rhe1 Rfe8 16. c3 Kf8 {½-½ (60) Artemiev,V (2704)-Fedoseev,V (2706) Poikovsky 2018}) 4... Nf6 5. Nc3 Bb4 {Mit der Idee ...De7.} 6. Bd2 {C22: Mittelgambit} O-O 7. O-O-O d6 8. f3 {Die Stellung ist ausgeglichen.} Be6 $146 ({Vorgänger:} 8... a5 9. Bg5 Bxc3 10. bxc3 Be6 {1-0 (35) Domany,M (2220)-Bakos,L (2133) Hungary 2016}) 9. Qb5 a6 10. Qg5 ({Nur nicht} 10. Qxb7 $2 Qd7 $19) 10... Re8 11. Nge2 Ne5 $36 {[%mdl 2048] Schwarz hat Initiative.} 12. Nd4 c6 13. a3 Ba5 14. Be2 b5 {[%cal Bb7b5,Bb5b4][%mdl 32]} 15. Nf5 (15. Qg3 $11) 15... Bxf5 $1 $17 16. Qxf5 b4 $1 {[%cal Rb4c3]} 17. axb4 Bxb4 18. Na4 $2 (18. Qg5 $17) 18... Qa5 19. b3 Rab8 $1 {zielt auf ...Dxa4! ab.} 20. Be1 d5 (20... Ba3+ 21. Kb1 $11) 21. g4 dxe4 $2 ({Schwächer ist} 21... Ba3+ 22. Kb1 $17) (21... Nfd7 $19 {bietet bessere Gewinnchancen. Weiss muss nun ...Sc5 beachten.} 22. Rf1 Bxe1 23. Rdxe1 Qb4) 22. f4 Ba3+ (22... Qxa4 $17 23. bxa4 Ba3+ 24. Kd2 Red8+ 25. Bd3 Nexg4) 23. Nb2 $2 {[%mdl 8192]} (23. Kb1 $1 $11 {und Weiss muss sich keine Sorgen machen.} Bb4 24. fxe5) 23... Nd3+ $2 (23... Qc5 $1 $19 {ist viel giftiger. ...Txb3 ist eine echte Drohung.} 24. Kb1 Qe3 25. fxe5 Qxe2) 24. Bxd3 Qxf5 25. gxf5 exd3 26. Rxd3 Rb5 27. Kb1 Rxf5 28. Nc4 Bf8 29. Nd6 Bxd6 $1 30. Rxd6 Rc8 31. Rd4 Nd5 32. Bd2 c5 33. Re4 h6 34. c4 Nf6 (34... Nb4 {is more complex.} 35. Bc3 Nd3 36. Rg1 g6 37. Kc2 Nb4+) 35. Re5 (35. Re2 $15) 35... Rxe5 36. fxe5 {[%mdl 4096] Endspiel KTL-KTS} Ne4 $1 {[%cal Re4d2]} 37. Ba5 Kf8 (37... Re8 $142 38. Bc7 Re7) 38. Kc2 Ke7 (38... Re8 $17 39. Bc7 Re7) 39. Rg1 $15 g6 40. Rg4 ({Günstiger ist} 40. Rf1 $15) 40... Ng5 $17 41. Bd2 Ke6 (41... Nf3 $17 42. Bxh6 Nd4+ 43. Kd3 Rb8) 42. Rf4 $1 $15 Ke7 (42... Kxe5 $17 {Droht ...Td8 und aus.} 43. h4 Ne4 44. Rxf7 Nxd2 45. Kxd2 g5 46. hxg5 hxg5) 43. Rf1 Ne6 44. Be3 h5 45. Kc3 Rc6 46. h4 Nf8 47. Bg5+ Ke8 48. Rd1 {[%csl Gg5][%cal Rd1d8]} Nd7 49. Rd5 Re6 50. Bf4 Kd8 51. Rd1 (51. Bg5+ $11 Kc7 52. Bf4) 51... Kc7 ({Besser ist} 51... Ke7 $17 52. Rd5 Rc6) 52. Rf1 $11 Kc6 53. Bg3 (53. Bh2 $11 {bleibt in der Remisbreite.}) 53... f6 $1 $17 54. Bf4 (54. Kd3 $17) 54... fxe5 (54... Nxe5 $19 55. Bxe5 fxe5) 55. Bg5 {[#]} e4 $1 56. Re1 Nb6 57. Ra1 Kb7 58. Be3 Nd7 59. b4 (59. Rf1 $17) 59... cxb4+ $19 {Schwarz steht deutlich besser.} 60. Kxb4 Ne5 61. Kc5 Rc6+ 62. Kd5 {Und weiter mit Tb1+ wäre nett.} Nxc4 63. Rb1+ {[#]} Nb6+ $1 64. Kxe4 Re6+ 65. Kf4 a5 66. Bd4 Ka6 {Precision: Weiß = 44%, Schwarz = 64%.} 1/2-1/2

[Event "Gideon Japhet ACP Open 2018"]
[Site "Jerusalem"]
[Date "2018.07.04"]
[Round "5"]
[White "Birnboim, Nathan"]
[Black "Baron, Tal"]
[Result "0-1"]
[WhiteElo "2353"]
[BlackElo "2530"]
[Annotator "TA"]
[PlyCount "144"]
[EventDate "2018.07.01"]
[EventType "swiss"]
[EventCountry "ISR"]
[SourceTitle "playchess.com"]
[Source "ChessBase"]
[SourceQuality "1"]

{[%evp 15,144,0,17,24,18,0,11,0,17,11,16,0,0,-18,-19,-22,-24,-21,-25,-18,-10,-31,-25,-58,-62,-54,-29,-51,-22,-31,-17,-17,-17,-13,-17,-14,-16,-12,-8,-93,-61,-119,-109,-122,-113,-156,-18,-18,-14,-130,-132,-135,-135,-149,-142,-147,-152,-151,-131,-142,-135,-154,-154,-154,-154,-147,-129,-133,-133,-129,-103,-119,0,-105,-52,-52,-45,-51,-21,-21,-20,-30,-8,-57,-47,-49,-11,-122,-118,-122,-122,-140,-132,-147,-143,-115,-102,-102,-102,-102,-102,-102,-97,-305,-295,-240,-245,-554,-558,-1113,-1144,-1285,-1235,-1196,-1143,-2947,-2737,-2012,-2141,-29974,-29970,-29983,-29984,-29984,-29985,-29985,-29986,-29986,-29987,-29987,-29988]} 1. Nf3 d5 2. d4 Nf6 3. c4 c6 4. Nbd2 Bf5 5. Nh4 (5. Qb3 Qb6 6. Nh4 Be4 7. e3 e6 8. Be2 Be7 9. Nxe4 dxe4 10. g3 c5 11. Bd2 cxd4 12. exd4 Nc6 13. Bc3 O-O-O {1-0 (49) Mamedyarov,S (2808)-So,W (2778) Leuven 2018}) 5... Be6 6. e3 {D11: Slav Defence: 3 Nf3 sidelines and 3...Nf6 4 e3 Bg4} g5 7. Nhf3 g4 8. Ne5 Nbd7 {LiveBook: 4 Games} 9. cxd5 cxd5 10. Nb3 h5 $146 ({Predecessor:} 10... Nxe5 11. dxe5 Nd7 12. Nd4 Qb6 {0-1 (41) Cosma,E (2344)-Girya,O (2493) Plovdiv 2014}) 11. Bd2 Nxe5 12. dxe5 Nd7 $1 13. Nd4 Bg7 14. Nxe6 fxe6 15. h3 Nxe5 16. hxg4 hxg4 17. Rxh8+ Bxh8 18. Bc3 Kf7 19. Qa4 {Strongly threatening Qf4+.} Bf6 20. Qf4 Qc7 21. Be2 Rc8 22. Rc1 $1 Qd6 23. Kd1 $1 Rg8 24. Bb4 Qb8 25. Bc3 Rg5 26. Qh2 Kg7 27. Bd4 {[#]} (27. Qg3 $11) 27... g3 $1 $36 {[%cal Rg3h2][%mdl 2560] Black is pushing.} 28. fxg3 (28. Qh3 $15 gxf2 29. Qxe6) 28... Nc6 29. Bxf6+ exf6 30. Bd3 Qh8 (30... Qxg3 31. Qh7+ Kf8 32. Qxb7 $15) (30... f5 $17 31. Bb5 Qxg3 32. Qxg3 Rxg3 33. Bxc6 bxc6 34. Rxc6 Kf6) 31. Qxh8+ $11 Kxh8 {[%mdl 4096] Endgame KRB-KRN} 32. Ke2 (32. Ba6 $11) 32... Rxg3 $17 33. Kf2 Rg7 34. Rh1+ Kg8 35. Rh6 Ne5 36. Be2 Rg6 37. Rh1 Ng4+ 38. Kf3 Rg7 39. Rc1 Ne5+ 40. Kf2 Nc6 41. Bb5 Rd7 42. b4 Rd6 43. Be2 Rd7 44. Bb5 a6 (44... Kf8 $17 45. a3 (45. Bxc6 Rc7 $17) 45... Rc7) 45. Bxa6 $1 $15 ({Much weaker is} 45. Bxc6 Rc7 $17) 45... Nxb4 46. Rc8+ Kg7 47. Bb5 Rd6 48. Rc7+ Kh6 49. a3 Rb6 $1 {[%cal Rb6b5]} 50. a4 Nc6 51. Kg3 (51. g4 $1 $11) 51... Kg5 $17 52. Bd3 {[#]} f5 $1 53. Bb5 Kf6 54. Kf4 Na7 55. Be8 {Hoping for Rf7+.} Rb4+ 56. Kf3 Rb3 57. Kf2 Ke5 58. g3 Ke4 59. Re7 $2 (59. a5 $17) 59... Rb2+ $19 60. Ke1 e5 {...Nc6 is the strong threat.} ({Less strong is} 60... Kxe3 61. Rxe6+ Kf3 62. Re5 $17) 61. a5 $2 (61. g4 {was the crucial defense.}) 61... Nc6 62. Bxc6 bxc6 {[%cal Bb7c6,Bc6c5][%mdl 32] KR-KR} 63. a6 Ra2 64. a7 c5 65. Kd1 Kd3 {[%cal Ra2a1]} 66. Kc1 e4 67. Re5 d4 {[%cal Bd5d4,Bd4d3][%mdl 32] Black mates.} 68. Rxc5 Kxe3 69. Rc7 d3 70. Rd7 Ke2 71. Kb1 Ra6 72. Kb2 e3 {Precision: White = 43%, Black = 77%.} 0-1

[Event "Gideon Japhet ACP Open 2018"]
[Site "Jerusalem"]
[Date "2018.07.04"]
[Round "5"]
[White "Gurbanov, Andrei"]
[Black "Milikow, Yoav"]
[Result "1/2-1/2"]
[WhiteElo "2335"]
[BlackElo "2161"]
[Annotator "NA"]
[PlyCount "80"]
[EventDate "2018.07.01"]
[EventType "swiss"]
[EventCountry "ISR"]
[SourceTitle "playchess.com"]
[Source "ChessBase"]
[SourceQuality "1"]
[TimeControl "40/5400+30:1800+30"]

1. d4 {[%emt 0:00:00]} Nf6 {[%emt 0:00:00]} 2. c4 {[%emt 0:00:19]} g6 {[%emt 0:00:00]} 3. Nc3 {[%emt 0:00:04]} d5 {[%emt 0:00:00]} 4. Bg5 {[%emt 0:00:05]} Bg7 {[%emt 0:01:04]} 5. Bxf6 {[%emt 0:01:02]} Bxf6 {[%emt 0:00:15]} 6. cxd5 {[%emt 0:00:27]} O-O {[%emt 0:01:50]} 7. e3 {[%emt 0:01:38]} c6 {[%emt 0:09:45]} 8. Bc4 {[%emt 0:02:34]} b5 {[%emt 0:01:38]} 9. Bb3 {[%emt 0:00:05]} b4 {[%emt 0:01:07]} 10. Ne4 {[%emt 0:00:07]} cxd5 {[%emt 0:00:37]} 11. Nxf6+ {[%emt 0:00:06]} exf6 {[%emt 0:00:06]} 12. Qf3 {[%emt 0:00:13]} Be6 {[%emt 0:07:57]} 13. Ne2 {[%emt 0:00:13]} Nc6 {[%emt 0:01:27]} 14. Nf4 {[%emt 0:00:25]} Ne7 {[%emt 0:01:09]} 15. O-O {[%emt 0:00:14]} a5 {[%emt 0:00:55]} 16. a4 {[%emt 0:00:44]} bxa3 {[%emt 0:00:36]} 17. Rxa3 {[%emt 0:00:06]} Rb8 {[%emt 0:03:07]} 18. Nd3 {[%emt 0:02:17]} Nc8 {[%emt 0:03:36]} 19. Nc5 {[%emt 0:00:39]} Nb6 {[%emt 0:00:45]} 20. Rfa1 {[%emt 0:00:31]} Nc4 {[%emt 0:16:48]} 21. Bxc4 {[%emt 0:02:33]} dxc4 {[%emt 0:04:11]} 22. Nxe6 {[%emt 0:05:01]} fxe6 {[%emt 0:00:02]} 23. Qe2 {[%emt 0:02:13]} Qb6 {[%emt 0:02:19]} 24. R1a2 {[%emt 0:02:43]} Rfc8 {[%emt 0:02:27]} 25. h4 {[%emt 0:01:19]} Qd6 {[%emt 0:09:02]} 26. Qc2 {[%emt 0:01:41]} e5 {[%emt 0:04:45]} 27. dxe5 {[%emt 0:01:15]} fxe5 {[%emt 0:00:55]} 28. Rxa5 {[%emt 0:00:22]} Qd3 {[%emt 0:00:38]} 29. Qa4 {[%emt 0:02:17]} Qb1+ {[%emt 0:01:14]} 30. Kh2 {[%emt 0:00:05]} Qe4 {[%emt 0:00:18]} 31. Kg3 {[%emt 0:01:47]} Rf8 {[%emt 0:05:22]} 32. Qd1 {[%emt 0:14:01]} Rbd8 {[%emt 0:04:20]} 33. Qc1 {[%emt 0:10:45]} g5 {[%emt 0:04:55]} 34. hxg5 {[%emt 0:02:29]} Rf5 {[%emt 0:02:30]} 35. f4 {[%emt 0:14:09]} exf4+ {[%emt 0:01:13]} 36. exf4 {[%emt 0:03:17]} Rd3+ {[%emt 0:00:23]} 37. Kh2 {[%emt 0:00:15]} Rxf4 {[%emt 0:00:24]} 38. Ra8+ {[%emt 0:01:44]} Kg7 {[%emt 0:00:34]} 39. R2a7+ {[%emt 0:00:12]} Kg6 {[%emt 0:01:14]} 40. Ra6+ {[%emt 0:06:48]} Kg7 {[%emt 0:00:57]} 1/2-1/2

[Event "Gideon Japhet ACP Open 2018"]
[Site "Jerusalem"]
[Date "2018.07.04"]
[Round "5"]
[White "Agrest, Inna"]
[Black "Rozen, Eytan"]
[Result "1-0"]
[WhiteElo "2303"]
[BlackElo "2045"]
[Annotator "TA"]
[PlyCount "111"]
[EventDate "2018.07.01"]
[EventType "swiss"]
[EventCountry "ISR"]
[SourceTitle "playchess.com"]
[Source "ChessBase"]
[SourceQuality "1"]

{[%evp 9,111,21,50,1,64,57,76,74,87,77,94,93,81,81,82,89,82,85,87,39,35,31,44,42,40,0,0,-19,0,0,16,0,25,0,33,31,35,25,27,22,76,78,170,161,163,111,119,115,218,212,217,217,359,241,385,403,601,603,543,401,455,455,481,412,625,585,664,610,805,803,787,777,742,663,646,643,601,562,538,467,855,814,933,896,1166,960,2663,2537,2180,2244,1934,1319,2981,2993,2720,2601,4069,3389,12539,2760,12840,12840,29988,12846]} 1. e4 c6 2. d4 d5 3. f3 Qb6 4. Nc3 dxe4 5. Bc4 (5. Nxe4 Bf5 6. c3 Nd7 7. Bd3 Bg6 8. Ne2 Ngf6 9. Qb3 O-O-O 10. Bg5 Nxe4 11. Bxe4 Bxe4 12. fxe4 {½-½ (30) Ivanchuk,V (2738)-Navara,D (2737) Prague 2017}) 5... e5 {LiveBook: 3 Games} 6. Qe2 {B12: Caro-Kann: Advance Variation} Nd7 ({Reject} 6... exd4 $6 7. Nxe4 Kd8 8. c3 $16 (8. Bxf7 Bf5 $16)) (6... Qxd4 $11 7. Be3 Qd8) 7. Nxe4 $14 Be7 8. f4 $146 {White is better.} ({Predecessor:} 8. Nh3 Qxd4 9. c3 Qb6 10. Be3 Qc7 11. O-O-O {½-½ (29) Meszaros,A (2299)-Kojima,S (2344) Kecskemet 2013}) 8... f5 {[#]} ({Avoid the trap} 8... Qxd4 $2 9. Nf3 $18) 9. Ng5 $1 {[%cal Rg5f7]} Bxg5 10. fxg5 Qxd4 {[#]} 11. Nf3 $1 {[%cal Rf3d4]} Qe4 12. Qxe4 fxe4 13. Nd2 Nb6 {next ...e3 is good for Black.} 14. Bb3 {[%mdl 1024] White has strong compensation.} Bf5 $1 15. O-O Ne7 16. Re1 O-O-O 17. Nf1 (17. c3 $14) 17... Bg6 $11 18. Ng3 Kc7 19. c3 Ned5 20. Nxe4 Kb8 21. a4 {[%cal Ba2a4,Ba4a5][%mdl 32]} Rhe8 22. a5 Nd7 23. Bc4 Nf8 24. Ng3 e4 (24... Nd7 $11) 25. h4 $16 {[%cal Bh2h4,Bh4h5][%mdl 32]} Nd7 (25... a6 $16 {was worth a try.}) 26. h5 $36 {[%mdl 2048] Keeping Black busy.} Bf7 27. Nf5 (27. g6 $18 hxg6 28. Bg5) 27... Ne5 $16 28. Bxd5 $1 cxd5 (28... Bxd5 $16 {was called for.} 29. Bf4 Ka8) 29. Nxg7 $18 Re7 30. Bf4 Ka8 (30... Kc8 $142 31. g6 Bxg6) 31. Rad1 Bg8 {[#]} (31... Be8 $142 32. Rxe4 Rxg7) 32. Rxe4 $1 {[%mdl 512]} Rxg7 (32... Nf3+ $142 33. gxf3 Rxg7) (32... dxe4 33. Rxd8#) 33. Rxe5 Rgd7 34. Rd4 Bf7 35. g4 a6 36. Be3 Rc8 (36... Rg8 $142 37. Rf4 Be8) 37. Rf4 Bg8 38. Bb6 Kb8 39. Ref5 Re7 40. Kf2 Rce8 41. Rf8 Kc8 42. Rxe8+ Rxe8 {[%mdl 4096] Endgame KRB-KRB} 43. Rf6 Kd7 44. g6 Ke7 (44... hxg6 $142 45. Rxg6 Bh7) 45. g5 {[%cal Bg4g5,Bg5g6][%mdl 32]} hxg6 46. Bc5+ Kd8 47. Rxg6 Bf7 48. Rd6+ Kc7 49. g6 Bg8 50. h6 Re4 51. Rf6 Rh4 52. Rf8 Kc6 53. Rxg8 Rxh6 54. Bd4 Rh2+ 55. Kg3 {Intending Rc8+ and mate.} Rxb2 56. g7 {Precision: White = 81%, Black = 28%.} 1-0

[Event "Gideon Japhet ACP Open 2018"]
[Site "Jerusalem"]
[Date "2018.07.04"]
[Round "5"]
[White "Zisman, Philip"]
[Black "Steinberg, Nitzan"]
[Result "0-1"]
[WhiteElo "2293"]
[BlackElo "2521"]
[Annotator "ChessBase"]
[PlyCount "39"]
[EventDate "2018.07.01"]
[EventType "swiss"]
[EventCountry "ISR"]
[SourceTitle "playchess.com"]
[Source "ChessBase"]
[SourceQuality "1"]
[TimeControl "40/5400+30:1800+30"]

1. e4 {[%emt 0:00:00]} c5 {[%emt 0:00:00]} 2. Nf3 {[%emt 0:00:00]} d6 {[%emt 0:00:03]} 3. d4 {[%emt 0:00:00]} cxd4 {[%emt 0:00:04]} 4. Nxd4 {[%emt 0:00:00]} Nf6 {[%emt 0:00:04]} 5. Nc3 {[%emt 0:00:00]} a6 {[%emt 0:00:05]} 6. a4 {[%emt 0:00:18]} e5 {[%emt 0:00:54]} 7. Nf3 {[%emt 0:00:08]} Be7 {[%emt 0:00:34]} 8. Bc4 {[%emt 0:11:00]} O-O {[%emt 0:02:27]} 9. Qe2 {[%emt 0:03:11]} Nc6 {[%emt 0:03:30]} 10. Be3 {[%emt 0:03:31]} Be6 {[%emt 0:17:29]} 11. Nd5 {[%emt 0:06:25]} Rc8 {[%emt 0:03:56]} 12. Bb6 {[%emt 0:15:35]} Qd7 {[%emt 0:04:10]} 13. Ra3 {[%emt 0:04:12]} Bxd5 {[%emt 0:03:23]} 14. exd5 {[%emt 0:01:22]} Nb4 {[%emt 0:00:15]} 15. Ba5 {[%emt 0:14:13]} Nfxd5 {[%emt 0:13:43]} 16. O-O {[%emt 0:15:05]} Nf4 {[%emt 0:02:23]} 17. Qd2 {[%emt 0:00:06]} Qg4 {[%emt 0:00:37]} 18. Ne1 {[%emt 0:01:23]} Rxc4 {[%emt 0:00:14]} 19. Bxb4 {[%emt 0:08:29]} Rxb4 {[%emt 0:02:01]} 20. f3 {[%emt 0:01:16]} 0-1

[Event "Gideon Japhet ACP Open 2018"]
[Site "Jerusalem"]
[Date "2018.07.04"]
[Round "5"]
[White "Gleizer, Mark"]
[Black "Veinberg, Nimrod"]
[Result "0-1"]
[WhiteElo "2161"]
[BlackElo "2390"]
[Annotator "NA"]
[PlyCount "86"]
[EventDate "2018.07.01"]
[EventType "swiss"]
[EventCountry "ISR"]
[SourceTitle "playchess.com"]
[Source "ChessBase"]
[SourceQuality "1"]
[TimeControl "40/5400+30:1800+30"]

1. d4 {[%emt 0:00:00]} Nf6 {[%emt 0:00:00]} 2. c3 {[%emt 0:01:06]} d5 {[%emt 0:00:00]} 3. Bg5 {[%emt 0:00:06]} Ne4 {[%emt 0:01:53]} 4. Bf4 {[%emt 0:00:18]} c5 {[%emt 0:00:16]} 5. e3 {[%emt 0:04:41]} Qb6 {[%emt 0:00:19]} 6. Qb3 {[%emt 0:00:54]} c4 {[%emt 0:00:47]} 7. Qxb6 {[%emt 0:00:49]} axb6 {[%emt 0:00:03]} 8. f3 {[%emt 0:00:36]} Nf6 {[%emt 0:00:15]} 9. e4 {[%emt 0:03:19]} e6 {[%emt 0:00:44]} 10. Nd2 {[%emt 0:05:18]} b5 {[%emt 0:00:23]} 11. Bxb8 {[%emt 0:03:24]} Rxb8 {[%emt 0:00:18]} 12. e5 {[%emt 0:00:53]} Nd7 {[%emt 0:00:12]} 13. a3 {[%emt 0:00:21]} Nb6 {[%emt 0:07:33]} 14. Kd1 {[%emt 0:00:47]} Ra8 {[%emt 0:00:43]} 15. Rb1 {[%emt 0:01:13]} Bd7 {[%emt 0:00:16]} 16. Ne2 {[%emt 0:03:20]} Kd8 {[%emt 0:00:53]} 17. f4 {[%emt 0:01:12]} f6 {[%emt 0:00:15]} 18. Nf3 {[%emt 0:01:18]} Be8 {[%emt 0:00:33]} 19. exf6 {[%emt 0:03:13]} gxf6 {[%emt 0:00:48]} 20. f5 {[%emt 0:00:27]} Bd6 {[%emt 0:02:06]} 21. g3 {[%emt 0:13:14]} e5 {[%emt 0:07:17]} 22. Bh3 {[%emt 0:01:14]} Kc7 {[%emt 0:00:24]} 23. Ne1 {[%emt 0:02:43]} Rg8 {[%emt 0:02:49]} 24. Rg1 {[%emt 0:00:39]} Rg5 {[%emt 0:02:20]} 25. Nf3 {[%emt 0:01:46]} Rg7 {[%emt 0:00:37]} 26. Kd2 {[%emt 0:03:41]} Na4 {[%emt 0:00:48]} 27. Kc2 {[%emt 0:03:18]} Bd7 {[%emt 0:01:55]} 28. Nh4 {[%emt 0:01:06]} Rg5 {[%emt 0:06:19]} 29. Rbf1 {[%emt 0:01:41]} Nb6 {[%emt 0:04:51]} 30. Rf2 {[%emt 0:05:48]} Rf8 {[%emt 0:01:31]} 31. Bf1 {[%emt 0:02:06]} Nc8 {[%emt 0:01:02]} 32. g4 {[%emt 0:01:28]} Rfg8 {[%emt 0:14:32]} 33. h3 {[%emt 0:00:27]} h5 {[%emt 0:00:26]} 34. Nf3 {[%emt 0:07:57]} R5g7 {[%emt 0:00:15]} 35. Rfg2 {[%emt 0:01:04]} hxg4 {[%emt 0:00:13]} 36. hxg4 {[%emt 0:00:52]} Rxg4 {[%emt 0:00:12]} 37. Nh4 {[%emt 0:02:00]} Rxg2 {[%emt 0:02:29]} 38. Rxg2 {[%emt 0:00:11]} Rh8 {[%emt 0:00:22]} 39. Rg4 {[%emt 0:00:36]} Ne7 {[%emt 0:00:14]} 40. Kd2 {[%emt 0:05:27]} Nxf5 {[%emt 0:03:36]} 41. Nxf5 {[%emt 0:30:11]} Bxf5 {[%emt 0:30:04]} 42. Rg7+ {[%emt 0:00:36]} Kc6 {[%emt 0:01:27]} 43. Bg2 {[%emt 0:01:10]} Rh7 {[%emt 0:00:56]} 0-1